Creating true peace : (Record no. 2727)

MARC details
000 -LEADER
fixed length control field 00548cam a2200169 4500
001 - CONTROL NUMBER
control field 3367
005 - DATE AND TIME OF LATEST TRANSACTION
control field 20181127171108.0
008 - FIXED-LENGTH DATA ELEMENTS--GENERAL INFORMATION
fixed length control field 030515s2003 nyu 000 0 eng
010 ## - LIBRARY OF CONGRESS CONTROL NUMBER
LC control number 2003049162
020 ## - INTERNATIONAL STANDARD BOOK NUMBER
International Standard Book Number 9781844132256
100 0# - MAIN ENTRY--PERSONAL NAME
Personal name Hanh,Thich Nhat.
Titles and words associated with a name
245 10 - TITLE STATEMENT
Title Creating true peace :
Remainder of title Ending violence in yourself, your family, your community, and the world /
Statement of responsibility, etc. Thich Nhat Hanh.
260 ## - PUBLICATION, DISTRIBUTION, ETC.
Place of publication, distribution, etc. London :
Name of publisher, distributor, etc. Rider Books,
Date of publication, distribution, etc. 2003.
300 ## - PHYSICAL DESCRIPTION
Extent 208 p. ;
Dimensions 23 cm.
650 #0 - SUBJECT ADDED ENTRY--TOPICAL TERM
Topical term or geographic name entry element Buddhism
General subdivision Social aspects.
Topical term or geographic name entry element Peace
General subdivision Religious aspects
-- Buddhism.
Holdings
Withdrawn status Lost status Source of classification or shelving scheme Damaged status Not for loan Collection code Home library Current library Shelving location Date acquired Serial Enumeration / chronology Inventory number Total Checkouts Total Renewals Full call number Barcode Date last seen Date last checked out Copy number Price effective from Koha item type
    Dewey Decimal Classification     Main TEST RTC Library RTC Library Main opac 01/06/2023 5857 3 1 241.73 HAN 30001485 06/04/2026 04/04/2026 2 27/11/2018 Main
    Dewey Decimal Classification     Main TEST RTC Library RTC Library Main opac 27/03/2023 6850 3 1 241.73 HAN 30007168 22/10/2025 10/10/2025 1 27/11/2018 Main
Royal Thimphu College || All Right Reserved